Withnail and I Ο φίλος μου κι εγώ
Στο Λονδίνο του '69, δύο άνεργοι ηθοποιοί, ο Withnail και ο Marwood, βρίσκουν παρηγοριά στο ποτό και σε άλλες ουσίες. Ψάχνοντας διαφυγή από τις ανιαρές ζωές τους καταφεύγουν βόρεια, στο αγροτόσπιτο του θείου του Withnail. Εκεί έχουν να αντιμετωπίσουν, τη λιτή ζωή, τους ντόπιους και πολλές εκπλή...
Αποθηκεύτηκε σε:
| Άλλοι συγγραφείς: | , , , |
|---|---|
| Μορφή: | |
| Γλώσσα: | English Greek |
| Δημοσίευση: |
Αθήνα :
ArtFree,
[2004]
|
| Θέματα: | |
| Ετικέτες: |
Προσθήκη ετικέτας
Δεν υπάρχουν, Καταχωρήστε ετικέτα πρώτοι!
|
MARC
| LEADER | 00000cgm a2200000 i 4500 | ||
|---|---|---|---|
| 001 | 1/3586 | ||
| 008 | 100122s2004 gr ||| | || ||eng|| | ||
| 035 | |l 10106427 | ||
| 040 | |a GR-MyUa |b gre |e AACR2 | ||
| 041 | 0 | |a eng |j gre | |
| 082 | 7 | |a 791.437 |2 (22) | |
| 245 | 0 | 0 | |a Withnail and I |h [μαγνητοσκόπηση] = |b Ο φίλος μου κι εγώ / |c σενάριο και σκηνοθεσία Μπρους Ρόμπινσον. |
| 246 | 1 | |i Παράλληλος τίτλος: |a Ο φίλος μου και εγώ | |
| 260 | |a Αθήνα : |b ArtFree, |c [2004] | ||
| 300 | |a 1 βιντεοδίσκος (108 λεπτ.) : |b ομίλ., έγχρ. ; |c 4 3/4 ίν. | ||
| 500 | |a Κυκλοφόρησε πρώτη φορά ως κινηματογραφική ταινία το 1986. | ||
| 508 | |a Παραγωγή, Πωλ Χέλερ ; μουσική, Ντέιβιντ Ντούντας & Ρικ Γουέντγουωρθ ; εκτέλεση παραγωγής, Τζώρτζ Χάρρισον & Ντένις Ο'Μπράϊεν. | ||
| 511 | 0 | |a Πωλ Μάκγκαν, Ρίτσαρντ Γκράντ, Ρίτσαρντ Γκρίφιθς. | |
| 520 | 8 | |a Στο Λονδίνο του '69, δύο άνεργοι ηθοποιοί, ο Withnail και ο Marwood, βρίσκουν παρηγοριά στο ποτό και σε άλλες ουσίες. Ψάχνοντας διαφυγή από τις ανιαρές ζωές τους καταφεύγουν βόρεια, στο αγροτόσπιτο του θείου του Withnail. Εκεί έχουν να αντιμετωπίσουν, τη λιτή ζωή, τους ντόπιους και πολλές εκπλήξεις, με αποτέλεσμα να κλονιστούν τα νεύρα τους αλλά και η φιλία τους. | |
| 546 | |a Στα αγγλικά με υπότιτλους στα ελληνικά. | ||
| 650 | 0 | |a Actors |v Drama. | |
| 655 | 7 | |a Feature films |2 lcgft | |
| 700 | 1 | |a Robinson, Bruce, |d 1946- |e aus |e drt | |
| 700 | 1 | |a Grant, Richard E., |d 1957- |e act | |
| 700 | 1 | |a Griffiths, Richard, |d 1947-2013, |e act | |
| 700 | 1 | |a McGann, Paul, |e act | |
| 852 | |a INST |b SYROS |c AV |e 20100122 |h 791.437 ROB |p 005500007903 |q 005500007903 |t DVD |y 23 | ||
| 901 | |a BIBL5-2008-1 | ||
| 922 | |a 5ΕΛΗ |b 200810 |c Βιβλιοθήκη Σύρου |d DVD Club ENter | ||
| 970 | |a Κοντού |b Παρασκευή |z 22/01/2010 | ||